Movies Quiz

Random Movies Quiz

Ghost Movies Quiz Stats

 Plays Quiz not verified by Sporcle

Score 0/22 Timer 07:00
0 Plays Today
Characters Movie % Correct
Dr. Malcolm Crowe, Cole Sear, Anna CroweThe Sixth Sense
74.9%
Dr. Peter Venkman, Dr. Raymond Stantz, Dana BarrettGhostbusters
73.6%
Jack Torrance, Wendy Torrance, Danny TorranceThe Shining
67.8%
Grace Stewart, Mrs. Bertha Mills, Charles StewartThe Others
49.8%
Rachel, Aidan, NoahThe Ring
41%
Steve Freeling, Diane Freeling, Carol Anne FreelingPoltergeist
36.1%
Katie, Micah, AmberParanormal Activity
35.7%
Dr. David Marrow, Theo, Luke SandersonThe Haunting
34.8%
Karen, Doug, MatthewThe Grudge
32.2%
Arthur Kriticos, Kalina Oretzia, Dennis RafkinThir13en Ghosts
29.5%
Laura, Carlos, SimónThe Orphanage
16.7%
Characters Movie % Correct
Sara Campbell, Matt Campbell, Reverend PopescuThe Haunting in Connecticut
13.2%
Claire Spencer, Caitlin Spencer, Mary FeurWhat Lies Beneath
10.1%
Benjamin Shaw, Jane Shaw, Megumi TanakaShutter
9.3%
Nick Castle, Elizabeth Williams, Stevie WayneThe Fog
7.9%
Annabelle 'Annie' Wilson, Buddy Cole, Donnie Barksdale The Gift
7.5%
Harris McKay, Kira Hayden, Allison MitchellThe Gravedancers
4.8%
Ricky Hawthorne, Dr. John Jaffrey, Edward Charles WanderleyGhost Story
4.8%
Sydney Wells, Dr. Paul Faulkner, Helen WellsThe Eye
4.4%
Eddie Weinbauer, Sammi Curr, Leslie GrahamTrick or Treat
3.5%
Tom Stewart, Sandy Hubbard, Meg HubbardTormented
2.6%
Eric Whitlock, Jenni Whitlock, Reverend Edward SnowThe Screaming Skull
2.2%

You're not logged in!

Compare scores with friends on all Sporcle quizzes.
OR
Log In

Show Comments

Extras

Created Oct 27, 2010ReportNominate
Tags:ghost, name

Top Quizzes Today


Score Distribution

Your Account Isn't Verified!

In order to create a playlist on Sporcle, you need to verify the email address you used during registration. Go to your Sporcle Settings to finish the process.

Report this User

Report this user for behavior that violates our Community Guidelines.

Details: